000 00791nam a22001457a 4500
020 _a9781484248584
082 _a006.312,VAR
100 _aVarga, Ervin
_9131198
245 _aPractical Data Science with Python 3:
_bSynthesizing Actionable Insights from Data /
_cErvin Varga
260 _6Delhi
_aApress
_c2019
300 _axii: 295 p.
505 _aIntroduction to Data Science (Page-1), Data Engineering (Page-29), Software Engineering (Page-73), Documenting your work (Page-121), Data Processing (Page-159), Data Visualization (Page-209), Machine Learning (Page-255), Recommender Systems (Page-317), Data Security (Page-341), Graph Analysis (Page-369), Complexity and Heuristics (Page-397), Deep Learning (Page-427).
650 _aData Science with Python
_9131199
942 _2ddc
_cBK
999 _c590768
_d590768